Why men marry bitches : a woman's guide to winning her man's heart

Bibliographic Details
Main Author: Argov, Sherry
Format: Book
Published: New York : Simon & Schuster Paperbacks , 2011
Subjects:

MARC

LEADER 00000cam a2200000 7i4500
001 0000031203
005 20111012.0
008 111012
020 |a 0743276375 
090 0 0 |a 646.77082   |b ARG 
100 1 |a Argov, Sherry 
245 1 0 |a Why men marry bitches :   |b a woman's guide to winning her man's heart   |c Sherry Argov 
260 |a New York :   |b Simon & Schuster Paperbacks ,   |c 2011 
650 0 |a Courtship 
650 0 |a Man-woman relationships 
650 0 |a Single heterosexual women   |x life skills guides 
999 |a 0001126095   |b Book   |c Adult Collection   |e Perbadanan Perpustakaan Awam Johor